Normal view
MARC view
- مارسيل،دايفد.و ، المنصوري،خالد /ترجمة
Entry Personal Name
001 - CONTROL NUMBER
- control field: 8013
003 - CONTROL NUMBER IDENTIFIER
- control field: JO-AjAnu
005 - DATE AND TIME OF LATEST TRANSACTION
- control field: 20230606071608.0
008 - FIXED-LENGTH DATA ELEMENTS
- fixed length control field: 230606|| aca||aabn | a|a d
040 ## - CATALOGING SOURCE
- Original cataloging agency: JO-AjAnu
- Transcribing agency: JO-AjAnu
100 ## - HEADING--PERSONAL NAME
- Personal name: مارسيل،دايفد.و ، المنصوري،خالد /ترجمة
670 ## - SOURCE DATA FOUND
- Source citation: Work cat.: (JO-AjAnu)4138: مارسيل،دايفد.و ، المنصوري،خالد /ترجمة , author, فلسفة التقدم :جيمس ديوي بيرد وفكرة التقدم الأمريكية